000 00915nam a2200301Ia 4500
003 OSt
005 20221006144055.0
006 a|||||r|||| 00| 0
007 ta
008 221006b |||||||| |||| 00| 0 eng d
020 _a9780813331553
_c
_79.95
024 _a10,811
037 _cTextual
040 _aEASL
_cEASL
_beng
041 _2eng
_aeng
082 _aW94.498.N95, N6
100 _aSMITH, Jr. Warren W
_9650823
245 0 _aTibetan nation
_b A history of Tibeton nationalism and Sino-Tibeton relations
260 _aBoulder
_bWestview Press
_c1996
300 _a732p.
_ccm.
490 _v CEL
650 _a Gen
650 _a Tibet - China - Government and Politics
_9650824
650 _a Tibet - China - Relations
_9650825
650 _aNationalism - China - Tibet
_9650826
942 _hW94.498.N95, N6
_cTEXL
_2CC
999 _c1078897
_d1078897